000
00175 a2200085 4500
020
_a
8496355217
041
_a
spa
245
_a
Aventuras en el parque de diversiones
942
_c
BK
999
_c
31956
_d
31954